Cities in Brazil - Sudden Death - Statistics

General Stats
  • This quiz has been taken 26 times
  • The average score is 8 of 29
Answers on the Grid
Answers color-coded by a green-red scale on the quiz's grid according to % correct below.
Barreiras
Praia de Tamandaré
Pedro Juan Caballero
Portimão
Boa Vista
Macapá
Barquisimeto
Dourados
Puerto Maldonado
Cayenne
Guarapari
Trujillo
Imperatiz
Bragança
Brasília
Maicao
Aracaju
Mar del Plata
São Paulo
Caldas de Rainha
São Bernardo do Campo
Uruguaiana
Chajarí
Santarém
Rosario
Sabiñánigo
Cascais
Porto Velho
Curitiba
Teixeira de Freitas
Rio de Janeiro
Puerto Montt
Belém
Los Ángeles
Porto Alegre
Porangatu
Rivera
Bom Jesus de Lapa
Bucaramanga
Goiânia
Cuiabá
Parnaíba
Córdoba
Salvador
Belo Horizonte
Ciudad de Santiago del Estero
Manaus
Asunción
Cali
Gurupi
 
Answer Stats
Answer % Correct
Brasília
67%
Praia de Tamandaré
67%
Rio de Janeiro
67%
São Paulo
67%
Aracaju
33%
Barreiras
33%
Belém
33%
Belo Horizonte
33%
Boa Vista
33%
Caldas de Rainha
33%
Cuiabá
33%
Curitiba
33%
Goiânia
33%
Guarapari
33%
Macapá
33%
Manaus
33%
Porto Alegre
33%
Porto Velho
33%
Salvador
33%
São Bernardo do Campo
33%
Teixeira de Freitas
33%
Bom Jesus de Lapa
0%
Dourados
0%
Gurupi
0%
Imperatiz
0%
Parnaíba
0%
Porangatu
0%
Santarém
0%
Uruguaiana
0%
No matching quizzes found
Score Distribution
Percent of People with Each Score
Percentile by Number Answered
Your Score History
You have not taken this quiz